| 000 | 00849nam a2200205Ii 4500 | ||
|---|---|---|---|
| 003 | JO-AjNU | ||
| 008 | 230605s9999||||xx |||||||||||||| ||und|| | ||
| 040 |
_aJO-AjNU _bara _erda _cJO-AjNU |
||
| 041 | _aara | ||
| 050 | 1 | 4 | _aK901.A57.2010 |
| 100 | 3 |
_a السيد ، السيد عبد المنعم حافظ , _eauthor _932051 |
|
| 245 | 0 | 0 | _aعقد التأجير التمويلى الدولي : دراسة تحليلية مقارنة في القانون الدولى الخاص |
| 250 | _a(د،ط) | ||
| 264 | 3 | 1 | _aالاسكندرية : دار الفكر الجامعي ، 2010 |
| 300 | _a683ص | ||
| 336 |
_atext _btxt _2rdacontent |
||
| 337 |
_aunmediated _bn _2rdamedia |
||
| 338 |
_avolume _bnc _2rdacarrier |
||
| 650 | 4 |
_aعقد الايجار التمويلي -- عقود الايجار -- قوانين وتشريعات -- مصر _932052 |
|
| 999 |
_aA12893 _c16461 _d16461 |
||